Le mystère d'Osiris au mois de Khoiak /

محفوظ في:

المؤلف الرئيسي: Chassinat , Émile, 1868-1948 (مؤلف)

التنسيق: كتاب

اللغة: French

منشور في: Le Caire : Imprimerie de l'Institut français d'archéologie orientale, 1966-68.

الموضوعات:

الوسوم: إضافة وسم

لا توجد وسوم, كن أول من يضع وسما على هذه التسجيلة!

رقم الطلب: ( F )BL2450 .07 C48 v.1-2

LEADER 00828nam a2200217Ia 4500
003 OSt
005 20251014065926.0
008 211223m19661968ua fh b 000 0 fre
040 |c ARCE Library 
050 4 |a ( F )BL2450 .07 C48 v.1-2 
100 1 |a Chassinat , Émile,   |d 1868-1948,  |e author 
245 1 3 |a Le mystère d'Osiris au mois de Khoiak /   |c Emile Chassinat. 
264 1 |a Le Caire :   |b Imprimerie de l'Institut français d'archéologie orientale,   |c 1966-68. 
300 |a 2 volumes (834 pages) :   |b plates, facsimiles ;   |c 36 cm. 
500 |a Includes the hieroglyphic text of the Ritual of Dandara, in facsimile, transcription and French translation. 
504 |a Bibliographical footnotes. 
600 0 0 |a Osiris   |c (Egyptian deity) 
730 0 |a Ritual of Dandara. 
901 |a reviewed 
942 |2 lcc  |c BK 
999 |c 41287  |d 41287